01092nam a2200313Ia 450000500170000000800410001702000150005810000400007324500840011325000180019730000480021549000240026353400170028765000280030465000300033265000350036265000390039765000450043670000420048170000480052394200150057126400430058633600270062933700330065633800280068904000350071708400110075299900150076320220317001540.0161108s2006 sp a g 000 j s  a84965093621 aVoltaire, Francois Maried1694-177810aMicromegascVoltaire ; ilustracionesbCarlos Nine ; traducciónbMarta Ponzoda a1a. edición a36 páginasbilustraciones en colorc28 cm aBiblioteca del faro tMicromégas142LEMBaCuentos franceses142LEMBaLiteratura francesa142LEMBaCriticismo (Filosofía)142LEMBaFilosofía de la religión142LEMBaCiencia ficción en la literatura1 aNine, Carlosd1934-eilustrador943501 aPonzoda Álvarez, Martaetraductora975563 2loccBKLIT aBarcelonabLibros del Zorro Rojoc2006 atextobtxt2rdacontent asin mediaciónbn2rdamedia avolumenbnc2rdacarrier aCO-BoRNBPbspaerdacCO-BoRNBP aC VOL1 c7324d7324